000 01149nam0a22002891 4500
001 rc\4451463
005 20130416161905.0
035 _a(NLR Aleph) 008319980
090 _a8751110
_c8751110
100 _a20130416d1968 |||y0rusy50 ca
101 0 _arus
102 _aRU
105 _aa z |||||
200 1 _aИсследование энергетического спектра ионов в плазме, нагретой ударной волной
_eПрепринт 246
_fАН СССР. Сиб. отд-ние. Ин-т ядерной физики
210 _aНовосибирск
_cБ. и.
_d1968
215 _a21 с.
_cчерт.
_d23
300 _aПеред загл. авт.: Н.И. Алиновский, В.Г. Еселевич, Н.А. Кошелев, Р.Х. Куртмуллаев
320 _aБиблиогр. в конце книги
701 1 _aЕлисевич
_bВ. Г.
701 1 _aКошелев
_bН. А.
701 1 _aАлиновский
_bН. И.
701 1 _aКуртмуллаев
_bР. Х.
801 0 _aRU
_bNLR
_gpsbo
801 1 _aRU
_bELAR
_2rusmarc
852 _aNLR
_j71-50К/3711
942 _cBOOK
980 _aNB